La enciclopedia del estudiante / (Registro nro. 11840)

Detalles MARC
000 -LIDER
fixed length control field 00661nam a2200229 4500
003 - IDENTIFICACDOR DE NÚMERO DE CONTROL
control field DO-SdBNP
005 - DATE AND TIME OF LATEST TRANSACTION
control field 20220602131942.0
008 - ELEMENTOS DE LONGITUD FIJA
fixed length control field 161108b2005 sp|| 00| 0 spa d
020 ## - ISBN
International Standard Book Number 849815183X
040 ## - FUENTE DE CATALOGACIÓN
Agencia que crea de manera original el registro BPMSU
Idioma de catalogación spa
Agencia que realiza la transcripción BPMSU
082 ## - NÚMERO DE CLASIFICACIÓN DECIMAL DE DEWEY
Classification number R036
Item number E56e 2005
Edition number 22
092 ## - LOCALLY ASSIGNED DEWEY DECIMAL CALL NUMBER
Feature heading
245 03 - MENCIÓN DE TITULO
Título La enciclopedia del estudiante /
Mención de responsabilidad director José Crespo González...(y otros)
246 14 - VARIACION DEL TÍTULO
Título propiamente dicho o título corto 10 Ciencias de la tierra y el universo
260 ## - PUBLICACIÓN, DISTRIBUCIÓN, ETC. (PIE DE IMPRENTA)
Lugar de publicación, distribución, etc Madrid :
Nombre del editor, distribuidor, etc. Santillana ,
Fecha de publicación, distribución, etc 2005
300 ## - DESCRIPCIÓN FÍSICA
Extensión v. :
Otros detalles físicos il. :
Dimensiones 29 cm
590 ## - NOTA LOCAL
Enlace Inventariado, 2022/VM
650 #4 - ENCABEZAMIENTO DE MATERIA--TEMÁTICO
Fuente del encabezamiento o término Enciclopedias y diccionarios.
700 1# - ASIENTO SECUNDARIO -- NOMBRE PERSONAL
Nombre personal Redal, Enric Juan
910 ## - VALIDACIÓN
Validación VMateo V.
942 ## - ADDED ENTRY ELEMENTS (KOHA)
Source of classification or shelving scheme Dewey Decimal Classification
Koha item type Libros
Existencias
Withdrawn status Lost status Source of classification or shelving scheme Damaged status Not for loan Collection code Home library Current library Date acquired Source of acquisition Full call number Barcode Date last seen Copy number Price effective from Koha item type
    Dewey Decimal Classification     Colección de Referencia General Biblioteca Pública Metropolitana Salomé Ureña Biblioteca Pública Metropolitana Salomé Ureña 11/08/2016 BPMUSU CG R036 E56e 2005 BPMSU22060043 11/08/2016 11/08/2016 Libros